Trần Văn Khê và âm nhạc dân tộc.

Những câu chuyện được GS Trần Văn Khê sưu tập và ghi chép lại.

Kaydedildi:
Detaylı Bibliyografya
Materyal Türü: Kitap
Dil:Vietnamese
Baskı/Yayın Bilgisi: Tp.HCM : Nxb Trẻ, 2000.
Konular:
Etiketler: Etiketle
Etiket eklenmemiş, İlk siz ekleyin!
Thư viện lưu trữ: Mạng thư viện Đại học Đà Nẵng
LEADER 00948cam a2200361 i 4500
001 000042330
003 204
005 20041029080615.0
008 010217b2000 vm 000 vie
020 |c 42000 
022 |a T 
040 |a IRC  |c IRC  |d IRC 
041 0 |a vie 
082 1 4 |a 895.928  |b Tr-V 
245 0 0 |a Trần Văn Khê và âm nhạc dân tộc. 
260 |a Tp.HCM :  |b Nxb Trẻ,  |c 2000. 
300 |a 432 tr. ;  |c 20,5 cm. 
520 3 |a Những câu chuyện được GS Trần Văn Khê sưu tập và ghi chép lại. 
630 0 4 |a Âm nhạc. 
630 0 4 |a Trần Văn Khê. 
630 0 4 |a Âm nhạc dân tộc. 
650 0 4 |a Trần Văn Khê. 
650 0 4 |a Âm nhạc dân tộc. 
OWN |a DUT 
999 |a From the UDN01 
TYP |a Monograph 
TYP |a Printed language 
980 |a Mạng thư viện Đại học Đà Nẵng